[Event "English Online Blitz Gp1"]
[Site "chess.com INT"]
[Date "2020.05.09"]
[Round "6"]
[White "Kilambi, Venkata Ananth Akshay"]
[Black "Miller, George"]
[Result "0-1"]
[WhiteElo "1063"]
[BlackElo "1815"]
[WhiteFideId "489395"]
[BlackFideId "343114090"]
[EventDate "2020.05.09"]
[EventType "blitz"]

1. e4 d5 2. exd5 Nf6 3. Nc3 Nxd5 4. Nxd5 Qxd5 5. Nf3 Bg4 6. Be2 Nc6 7. h3 Bh5 8.
O-O e5 9. d3 Bc5 10. c4 Qe6 11. Ng5 Bxe2 12. Nxe6 Bxd1 13. Nxc7+ Kd7 14. Nxa8
Bh5 15. Be3 Bxe3 16. fxe3 Rxa8 17. d4 exd4 18. exd4 f6 19. d5 Ne5 20. g4 Bg6 21.
c5 Rc8 22. Rac1 Be4 23. c6+ bxc6 24. dxc6+ Rxc6 25. Rfd1+ Kc7 26. Re1 Nf3+ 27.
Kf2 Nxe1 28. Rxe1 Rc2+ 29. Re2 Rxe2+ 30. Kxe2 Kd6 31. b4 Bb1 32. a4 Bc2 33. a5
Ba4 34. Kd3 Kd5 35. Kc3 Bb5 36. Kb3 Kd4 37. Ka3 a6 38. Kb3 Kd3 39. Kb2 Kc4 40.
Ka3 Kc3 41. Ka2 Kxb4 42. Kb2 Kxa5 43. Ka1 Kb4 44. Ka2 Kc3 45. Ka3 g6 46. Ka2 f5
47. Ka3 f4 48. Ka2 f3 49. Kb1 f2 50. Ka2 f1=Q 51. Ka3 Qc4 52. h4 Qb3# 0-1

[Event "English Online Blitz Gp1"]
[Site "chess.com INT"]
[Date "2020.05.09"]
[Round "6"]
[White "Davis, Holden"]
[Black "Dunn, Maxim"]
[Result "0-1"]
[WhiteElo "1882"]
[BlackElo "1729"]
[WhiteFideId "440019"]
[BlackFideId "456551"]
[EventDate "2020.05.09"]
[EventType "blitz"]

1. e4 c5 2. d4 cxd4 3. c3 d5 4. exd5 Qxd5 5. Nf3 Nf6 6. cxd4 Nc6 7. Nc3 Qd8 8.
d5 Nb8 9. Bb5+ Bd7 10. Qe2 g6 11. Bg5 Bg7 12. Bxf6 Bxf6 13. Ne4 O-O 14. Nxf6+
exf6 15. O-O Re8 16. Qd3 a6 17. Bc4 Bf5 18. Qd2 Qd6 19. Rfe1 Nd7 20. Nd4 Be4 21.
f3 Bxd5 22. Bxd5 Qxd5 23. Rxe8+ Rxe8 24. Qc3 Qc5 25. Qxc5 Nxc5 26. Rc1 Nd3 27.
Rd1 Nxb2 28. Rb1 Nd3 29. Rd1 Nc5 30. Rc1 Ne6 31. Nb3 Rd8 32. Kf2 Kg7 33. Ke2
Nd4+ 34. Nxd4 Rxd4 35. Rc7 Rb4 36. a3 Rb3 37. a4 b5 38. a5 Ra3 0-1

[Event "English Online Blitz Gp1"]
[Site "chess.com INT"]
[Date "2020.05.09"]
[Round "6"]
[White "Burnett, Leon P"]
[Black "Siddharth, Gopakumar"]
[Result "0-1"]
[WhiteElo "1834"]
[BlackElo "1854"]
[WhiteFideId "444448"]
[BlackFideId "5053463"]
[EventDate "2020.05.09"]
[EventType "blitz"]

1. c4 c6 2. e4 d5 3. exd5 cxd5 4. d4 e6 5. Nc3 Nf6 6. Nf3 Nc6 7. Bd3 Bb4 8. O-O
Bxc3 9. bxc3 O-O 10. Bg5 h6 11. Bh4 dxc4 12. Bxc4 a6 13. Qd3 b5 14. Bb3 Bb7 15.
Bc2 g5 16. Nxg5 hxg5 17. Bxg5 Kg7 18. Rae1 Qd5 19. Re3 Nb4 20. Bh6+ Kh8 21. Bg7+
Kg8 22. Rg3 Nxd3 23. Bxf6+ Kh7 24. Bxd3+ Kh6 25. Rh3+ Qh5 26. Rxh5+ Kxh5 27. Be5
f5 28. g3 Rac8 29. Rc1 Bd5 30. a4 bxa4 31. Bxa6 Ra8 32. Bd3 Rfc8 33. c4 a3 34.
Ra1 Bxc4 35. Bxc4 Rxc4 36. Bd6 a2 37. Be5 Rb4 38. d5 Rb1+ 39. Kg2 exd5 40. Kf3
Rxa1 41. Bxa1 Kg5 42. Ke3 Rb8 43. h4+ Kg6 44. Kd4 Rb1 45. Bc3 a1=Q 46. Bxa1 Rxa1
47. Kxd5 Rf1 48. f4 Rf3 0-1

[Event "English Online Blitz Gp1"]
[Site "chess.com INT"]
[Date "2020.05.09"]
[Round "6"]
[White "Hebden, Mark L"]
[Black "Jones, Gawain C B"]
[Result "1/2-1/2"]
[WhiteTitle "GM"]
[BlackTitle "GM"]
[WhiteElo "2453"]
[BlackElo "2670"]
[WhiteFideId "400084"]
[BlackFideId "409561"]
[EventDate "2020.05.09"]
[EventType "blitz"]

1. d4 Nf6 2. Nc3 d5 3. Bf4 g6 4. e3 Bg7 5. h4 Bg4 6. f3 Be6 7. Nge2 Nbd7 8. g4
h5 9. g5 Nh7 10. Qd2 c6 11. Bg3 Bf5 12. e4 dxe4 13. fxe4 Bg4 14. e5 Nhf8 15. Nf4
Ne6 16. Bc4 Nxf4 17. Qxf4 O-O 18. O-O Kh8 19. Bb3 c5 20. Bf2 Rc8 21. Bd5 Qc7 22.
Rae1 Bh3 23. Bg2 Bxg2 24. Kxg2 b5 25. Qe4 cxd4 26. Bxd4 b4 27. Nd5 Qxc2+ 28.
Qxc2 Rxc2+ 29. Rf2 Rc4 30. Rd1 Bxe5 31. Bxe5+ Nxe5 32. Nxe7 Re8 33. Nd5 Rd8 34.
Re2 Ng4 35. Nf6 Rcc8 36. Rxd8+ Rxd8 37. Nxg4 hxg4 38. Kg3 Rd4 39. Re7 Kg7 40.
Rxa7 Rd2 41. b3 Rd4 42. a3 Rd3+ 43. Kxg4 Rxb3 44. axb4 Rxb4+ 45. Kg3 Rb3+ 46.
Kg4 Rb4+ 47. Kg3 Kf8 48. Ra8+ Ke7 49. Ra6 Re4 50. Ra7+ Ke6 51. Ra6+ Ke7 52. Ra7+
Ke6 53. Ra6+ Ke7 1/2-1/2

[Event "English Online Blitz Gp1"]
[Site "chess.com INT"]
[Date "2020.05.09"]
[Round "6"]
[White "Hosdurga, Chirag"]
[Black "Bedi, Adam"]
[Result "0-1"]
[WhiteElo "1838"]
[BlackElo "1803"]
[WhiteFideId "438189"]
[BlackFideId "432997"]
[EventDate "2020.05.09"]
[EventType "blitz"]

1. d4 Nf6 2. c4 g6 3. Nc3 Bg7 4. e4 O-O 5. f4 d6 6. Nf3 c5 7. d5 e6 8. Be2 exd5
9. cxd5 Nbd7 10. O-O Re8 11. Nd2 a6 12. a4 Nf8 13. Kh1 b6 14. Bf3 Bb7 15. Nc4
Qc7 16. e5 dxe5 17. fxe5 N6d7 18. d6 Qc8 19. Nd5 Nxe5 20. Ne7+ Rxe7 21. dxe7
Nxf3 22. exf8=Q+ Kxf8 23. gxf3 Qe6 24. Qd6+ Qxd6 25. Nxd6 Bc6 26. Ra2 Rd8 27.
Ne4 Rd3 28. b4 cxb4 29. Rd2 Rb3 30. Ng5 h6 31. Ne4 Be5 32. Rd8+ Kg7 33. f4 Bb2
34. Bxb2+ Rxb2 35. Re1 b3 36. Kg1 Bxa4 37. Nc3 b5 38. Nxa4 bxa4 39. Rd7 a3 40.
Ree7 a2 41. Rxf7+ Kg8 42. Rg7+ Kh8 43. Rge7 a1=Q+ 44. Rd1 Qxd1+ 45. Re1 Qxe1# 0-1

[Event "English Online Blitz Gp1"]
[Site "chess.com INT"]
[Date "2020.05.09"]
[Round "6"]
[White "Harvey, Marcus R"]
[Black "Claridge-Hansen, William"]
[Result "0-1"]
[WhiteTitle "FM"]
[BlackTitle "FM"]
[WhiteElo "2440"]
[BlackElo "2290"]
[WhiteFideId "400092"]
[BlackFideId "422509"]
[EventDate "2020.05.09"]
[EventType "blitz"]

1. d4 Nf6 2. c4 c5 3. d5 b5 4. g3 bxc4 5. Bg2 d6 6. Nc3 Nbd7 7. Nf3 g6 8. O-O
Bg7 9. Nd2 Nb6 10. Nxc4 O-O 11. Na5 Ba6 12. Qb3 Qc7 13. a4 Rab8 14. Nc6 c4 15.
Qd1 Rb7 16. Nb5 Bxb5 17. axb5 Nfd7 18. Nxe7+ Kh8 19. Nc6 Nc5 20. Ra2 Re8 21. Re1
Nbd7 22. Be3 Rxb5 23. Rxa7 Rb7 24. Rxb7 Qxb7 25. Bd4 Qb5 26. Bf1 Na4 27. Bxg7+
Kxg7 28. Qd4+ f6 29. Qa7 Nc5 30. Qa3 h5 31. e3 Nd3 32. Qxd6 N7c5 33. Ra1 Qxb2
34. Ra7+ Kh6 35. Qxf6 Ne4 36. Qg7+ Qxg7 37. Rxg7 Kxg7 38. f3 Nec5 39. e4 c3 40.
Nd4 Ra8 41. d6 Ne5 42. f4 Nf3+ 43. Nxf3 c2 0-1

[Event "English Online Blitz Gp1"]
[Site "chess.com INT"]
[Date "2020.05.09"]
[Round "6"]
[White "Grieve, Harry"]
[Black "Horton, Andrew P"]
[Result "0-1"]
[WhiteTitle "FM"]
[BlackTitle "IM"]
[WhiteElo "2355"]
[BlackElo "2375"]
[WhiteFideId "426520"]
[BlackFideId "424269"]
[EventDate "2020.05.09"]
[EventType "blitz"]

1. d4 Nf6 2. Bg5 Ne4 3. Bf4 d5 4. e3 c5 5. Bd3 Nf6 6. c3 Nc6 7. Nf3 Bg4 8. Nbd2
e6 9. h3 Bxf3 10. Nxf3 Bd6 11. Ne5 Qc7 12. Qa4 O-O 13. Nxc6 Bxf4 14. dxc5 Bxe3
15. fxe3 Qg3+ 16. Kf1 bxc6 17. Qf4 Qxf4+ 18. exf4 a5 19. Kf2 Rfb8 20. Rhb1 h6
21. a4 Nd7 22. b4 Rb7 23. Ra2 Rab8 24. b5 Nxc5 25. Ke3 Nxd3 26. Kxd3 cxb5 27.
axb5 Rxb5 28. Rba1 Ra8 29. g4 g5 30. fxg5 hxg5 31. Kd4 Kg7 32. Ra4 Kg6 33. Rf1
Rc8 34. Rfa1 Rb3 35. Rc1 Rb2 36. Rxa5 Rh2 37. Rf1 Rc4+ 38. Ke5 Rxh3 39. Ra7 Re3+
40. Kd6 Rf4 41. Rb1 Rxc3 42. Rb8 d4 43. Rg8+ Kf6 44. Rf8 Kg7 45. Raa8 d3 46.
Rg8+ Kf6 47. Raf8 Rd4# 0-1

[Event "English Online Blitz Gp1"]
[Site "chess.com INT"]
[Date "2020.05.09"]
[Round "6"]
[White "Chow, Samuel"]
[Black "Willow, Jonah B"]
[Result "0-1"]
[WhiteTitle "FM"]
[BlackTitle "FM"]
[WhiteElo "2345"]
[BlackElo "2386"]
[WhiteFideId "3202992"]
[BlackFideId "438804"]
[EventDate "2020.05.09"]
[EventType "blitz"]

1. d4 Nf6 2. c4 c5 3. d5 e6 4. Nc3 exd5 5. cxd5 d6 6. Nf3 g6 7. g3 Bg7 8. Bg2
O-O 9. O-O a6 10. a4 Nbd7 11. Bf4 Qc7 12. Qd2 Re8 13. Bh6 Bh8 14. Qc2 Rb8 15. a5
b5 16. axb6 Nxb6 17. e4 Ng4 18. Bf4 Nc4 19. b3 Nce5 20. Nd2 Nf6 21. h3 Nh5 22.
Bh6 Bb7 23. g4 Nf6 24. f4 Nexg4 25. hxg4 Nxg4 26. Bg5 Ne3 27. Qd3 Nxf1 28. Rxf1
Bc8 29. Ne2 Bd7 30. Ng3 Bb5 31. Nc4 a5 32. Rc1 a4 33. bxa4 Bxa4 34. Qa3 Bb5 35.
Kh2 Ra8 36. Qf3 Ra2 37. Qb3 Bxc4 38. Qxc4 Qa5 39. Rc2 Ra1 40. Re2 Bd4 41. Qb3
Qa7 42. e5 Rb8 43. Qf3 Ra3 44. Qg4 h5 45. Qh4 c4 46. Bf6 Bg1+ 47. Kh1 Bf2 48. e6
Bxg3 49. Qg5 Rb1+ 50. Bf1 Rxf1+ 51. Kg2 Qg1+ 52. Kh3 Qh1+ 53. Rh2 Qxh2# 0-1

[Event "English Online Blitz Gp1"]
[Site "chess.com INT"]
[Date "2020.05.09"]
[Round "6"]
[White "Fernandez, Daniel Howard"]
[Black "Greet, Andrew N"]
[Result "0-1"]
[WhiteTitle "GM"]
[BlackTitle "IM"]
[WhiteElo "2466"]
[BlackElo "2417"]
[WhiteFideId "5801605"]
[BlackFideId "405817"]
[EventDate "2020.05.09"]
[EventType "blitz"]

1. f4 d5 2. b3 Nf6 3. Nf3 g6 4. Bb2 Bg7 5. e3 O-O 6. c4 c5 7. cxd5 Nxd5 8. Bxg7
Kxg7 9. Qc1 b6 10. a3 Bb7 11. b4 Nd7 12. Bb5 Rc8 13. O-O a6 14. Bxd7 Qxd7 15.
Qb2+ f6 16. bxc5 Rxc5 17. a4 Rfc8 18. Nd4 a5 19. Na3 Nb4 20. Qb3 Bd5 21. Qd1 Be4
22. Nab5 Nc2 23. Nxc2 Rxc2 24. Rf2 e5 25. fxe5 fxe5 26. h3 Bd3 27. Nc3 e4 28.
Ra3 Qe7 29. Rb3 Qh4 30. Qa1 Kh6 31. Qe1 Rc6 32. Kh2 Rf6 33. Kg1 Rc1 34. Qxc1
Qxf2+ 35. Kh2 Bf1 36. Qxf1 Qxf1 37. Nxe4 Re6 38. d3 Rxe4 39. dxe4 Qf6 40. Rb5
Qe6 41. e5 Kg7 42. Kg3 Kf7 43. Kh2 Qc6 44. Kg3 Ke6 45. Kf4 Qc4+ 46. e4 Qc1+ 47.
Kg4 Qd1+ 48. Kf4 Qxa4 49. Rxb6+ Ke7 50. Rb7+ Qd7 51. Rxd7+ Kxd7 52. Kg5 a4 53.
Kf6 Ke8 54. Kg7 a3 55. g4 a2 56. Kxh7 a1=Q 57. g5 Qxe5 58. Kh6 Qxe4 59. Kg7 Ke7 0-1

[Event "English Online Blitz Gp1"]
[Site "chess.com INT"]
[Date "2020.05.09"]
[Round "6"]
[White "Burrows, Martin P"]
[Black "Bettley, Andrew D"]
[Result "1-0"]
[WhiteElo "2125"]
[BlackElo "1501"]
[WhiteFideId "409057"]
[BlackFideId "471950"]
[EventDate "2020.05.09"]
[EventType "blitz"]

1. e4 e5 2. Nf3 Nf6 3. Nxe5 d6 4. Nf3 Nxe4 5. Nc3 Nxc3 6. dxc3 Be7 7. Bf4 O-O 8.
Qd2 Be6 9. O-O-O Nd7 10. Kb1 Nf6 11. h4 c6 12. Ng5 Bd5 13. c4 Ne4 14. Nxe4 Bxe4
15. Bxd6 Bxd6 16. Qxd6 Qa5 17. Qf4 Bg6 18. Be2 h6 19. h5 Bh7 20. g4 Rfe8 21. Bd3
Bxd3 22. cxd3 Rad8 23. Qf3 Re6 24. d4 Rde8 25. d5 Re2 26. d6 Qb4 27. Qb3 Qc5 28.
d7 Rd8 29. Qd3 Qe7 30. f4 Re3 31. Qd4 Re4 32. Qd6 Re6 33. Qxe7 Rxe7 34. Rhe1
Rexd7 35. Rxd7 Rxd7 36. Re8+ Kh7 37. Kc2 g6 38. c5 Kg7 39. b4 Rd4 40. Kb3 Rd7
41. Kc3 gxh5 42. gxh5 Kf6 43. Rh8 Kg7 44. Ra8 a6 45. Re8 Kf6 46. a4 Kg7 47. Kc4
Kf6 48. b5 a5 49. b6 Re7 50. Rc8 Re4+ 51. Kd3 Rxa4 52. Rc7 Rb4 53. Rxb7 a4 54.
Rc7 a3 55. Rxc6+ Kg7 56. Rc7 a2 57. Ra7 Rb2 58. Kd4 Rf2 59. b7 Rb2 60. c6 Rb6
61. Kc5 a1=Q 62. Rxa1 Rb2 63. Re1 Rc2+ 64. Kd6 Rd2+ 65. Kc7 Rc2 66. b8=Q Rc5 67.
Qb2+ 1-0

[Event "English Online Blitz Gp1"]
[Site "chess.com INT"]
[Date "2020.05.09"]
[Round "7"]
[White "Neale, George"]
[Black "Waterfield, Mark"]
[Result "0-1"]
[WhiteElo "1734"]
[BlackElo "1641"]
[WhiteFideId "443174"]
[BlackFideId "464910"]
[EventDate "2020.05.09"]
[EventType "blitz"]

1. d4 c5 2. dxc5 e5 3. Nc3 Bxc5 4. Nf3 Nc6 5. e4 Nf6 6. Bc4 O-O 7. Bg5 d6 8. Nd5
Be6 9. Nxf6+ gxf6 10. Bh6 Bxc4 11. Nxe5 Nxe5 12. Bxf8 Qxf8 13. b3 Bb4+ 0-1

[Event "English Online Blitz Gp1"]
[Site "chess.com INT"]
[Date "2020.05.09"]
[Round "7"]
[White "Dunn, Maxim"]
[Black "Arkell, Keith C"]
[Result "0-1"]
[BlackTitle "GM"]
[WhiteElo "1729"]
[BlackElo "2429"]
[WhiteFideId "456551"]
[BlackFideId "400270"]
[EventDate "2020.05.09"]
[EventType "blitz"]

1. c4 c5 2. g3 Nc6 3. Bg2 g6 4. Nf3 Bg7 5. O-O Nf6 6. Nc3 O-O 7. d4 cxd4 8. Nxd4
Nxd4 9. Qxd4 d6 10. Qd2 Be6 11. b3 d5 12. cxd5 Nxd5 13. Bb2 Nxc3 14. Qxd8 Nxe2+
15. Kh1 Raxd8 16. Bxg7 Kxg7 17. Rfe1 Rd2 18. Bxb7 Nc3 19. a4 Bxb3 20. Rec1 Bd5+
21. Bxd5 Nxd5 22. Rd1 Rxd1+ 23. Rxd1 e6 24. Rb1 Rc8 25. Rb7 Rc7 26. Rb5 a6 27.
Rb8 Rc4 0-1

[Event "English Online Blitz Gp1"]
[Site "chess.com INT"]
[Date "2020.05.09"]
[Round "7"]
[White "Walton, Alan J"]
[Black "Rizvi, Nasir"]
[Result "1-0"]
[WhiteTitle "CM"]
[WhiteElo "2120"]
[BlackElo "1989"]
[WhiteFideId "409898"]
[BlackFideId "1800540"]
[EventDate "2020.05.09"]
[EventType "blitz"]

1. d4 Nf6 2. Bg5 e6 3. e4 Be7 4. e5 Nd5 5. Bd2 O-O 6. c4 Nb6 7. a4 a5 8. Bd3 c5
9. dxc5 Bxc5 10. Qg4 f5 11. exf6 Qxf6 12. Nf3 Nc6 13. Bc3 Bb4 14. O-O Bxc3 15.
Nxc3 d5 16. Ng5 h6 17. Nh7 Qf7 18. Nxf8 Qxf8 19. Qg6 Qf6 20. Qe8+ Qf8 21. Bh7+ 1-0

[Event "English Online Blitz Gp1"]
[Site "chess.com INT"]
[Date "2020.05.09"]
[Round "7"]
[White "Jones, Gawain C B"]
[Black "Ghasi, Ameet K"]
[Result "1-0"]
[WhiteTitle "GM"]
[BlackTitle "IM"]
[WhiteElo "2670"]
[BlackElo "2485"]
[WhiteFideId "409561"]
[BlackFideId "409200"]
[EventDate "2020.05.09"]
[EventType "blitz"]

1. e4 c5 2. Nc3 e6 3. Nf3 a6 4. g3 b5 5. Bg2 Bb7 6. d4 cxd4 7. Nxd4 Nc6 8. Nxc6
Bxc6 9. O-O b4 10. Nd5 Bc5 11. Be3 Bxe3 12. Nxe3 Qf6 13. Nc4 Ne7 14. e5 Qg6 15.
Bxc6 Nxc6 16. Nd6+ Ke7 17. Re1 h5 18. Ne4 1-0

[Event "English Online Blitz Gp1"]
[Site "chess.com INT"]
[Date "2020.05.09"]
[Round "7"]
[White "Roberson, Peter T"]
[Black "Palucha, Szymon"]
[Result "1-0"]
[WhiteTitle "IM"]
[WhiteElo "2437"]
[BlackElo "1990"]
[WhiteFideId "412384"]
[BlackFideId "430005"]
[EventDate "2020.05.09"]
[EventType "blitz"]

1. e4 c5 2. c3 d5 3. exd5 Qxd5 4. d4 Nf6 5. Nf3 Bg4 6. dxc5 Qxc5 7. Na3 a6 8. h3
Bf5 9. Qb3 Qc8 10. Nc4 Nbd7 11. Bf4 b5 12. Nce5 e6 13. Be2 Be7 14. O-O O-O 15.
Nd4 Nc5 16. Qd1 Be4 17. Re1 Bb7 18. Bf3 Nd5 19. Bg3 Bf6 20. Qe2 Rd8 21. Rad1 Nd7
22. Nxf7 Kxf7 23. Qxe6+ Kf8 24. Bxd5 Ne5 25. Qg8+ 1-0

[Event "English Online Blitz Gp1"]
[Site "chess.com INT"]
[Date "2020.05.09"]
[Round "7"]
[White "Varney, Zoe"]
[Black "Baker, Chris W"]
[Result "1-0"]
[BlackTitle "IM"]
[WhiteElo "1917"]
[BlackElo "2227"]
[WhiteFideId "436135"]
[BlackFideId "401676"]
[EventDate "2020.05.09"]
[EventType "blitz"]

1. e4 e6 2. d4 d5 3. exd5 exd5 4. Nf3 Bd6 5. c4 c6 6. Nc3 Ne7 7. c5 Bc7 8. Bd3
O-O 9. O-O Bf5 10. Bxf5 Nxf5 11. Qd3 Qf6 12. Bg5 Qg6 13. Rae1 h6 14. Bd2 Nd7 15.
Ne2 Rae8 16. Nf4 Bxf4 17. Bxf4 b6 18. b4 a5 19. cxb6 Nxb6 20. bxa5 Nc4 21. Bc7
Rc8 22. Bb6 Ra8 23. Ne5 Nxe5 24. dxe5 Qe6 25. f4 Ne7 26. f5 Qc8 27. f6 Ng6 28.
fxg7 Re8 29. Qf3 Qe6 30. Qf6 c5 31. Bxc5 Rxa5 32. Be3 Qxe5 33. Qxf7+ Kh7 34.
g8=Q# 1-0

[Event "English Online Blitz Gp1"]
[Site "chess.com INT"]
[Date "2020.05.09"]
[Round "7"]
[White "Claridge-Hansen, William"]
[Black "Hebden, Mark L"]
[Result "1-0"]
[WhiteTitle "FM"]
[BlackTitle "GM"]
[WhiteElo "2290"]
[BlackElo "2453"]
[WhiteFideId "422509"]
[BlackFideId "400084"]
[EventDate "2020.05.09"]
[EventType "blitz"]

1. c4 g6 2. g3 Bg7 3. Bg2 Nf6 4. Nc3 O-O 5. e4 c5 6. Nge2 Nc6 7. d3 a6 8. O-O
Rb8 9. a4 d6 10. Rb1 Bd7 11. h3 Ne8 12. Be3 Nc7 13. d4 b6 14. Kh2 Na5 15. b3 Ne6
16. f4 cxd4 17. Nxd4 Nc6 18. Nde2 Nb4 19. Qd2 Nc5 20. Nd4 e6 21. f5 Be5 22. Nf3
f6 23. Nxe5 dxe5 24. fxe6 Bxe6 25. Nd5 Bxd5 26. exd5 Qd6 27. Qxb4 f5 28. Qd2 a5
29. b4 axb4 30. Rxb4 Ra8 31. Rfb1 f4 32. Bf2 Ra6 33. a5 fxg3+ 34. Bxg3 bxa5 35.
Rb5 a4 36. Qe3 Nd7 37. c5 Qf6 38. c6 1-0

[Event "English Online Blitz Gp1"]
[Site "chess.com INT"]
[Date "2020.05.09"]
[Round "7"]
[White "Purton, Ben J"]
[Black "Chow, Samuel"]
[Result "0-1"]
[BlackTitle "FM"]
[WhiteElo "2154"]
[BlackElo "2345"]
[WhiteFideId "411132"]
[BlackFideId "3202992"]
[EventDate "2020.05.09"]
[EventType "blitz"]

1. e4 e6 2. d4 d5 3. Nd2 h6 4. Ngf3 Nf6 5. exd5 exd5 6. Bd3 Bd6 7. O-O O-O 8. h3
Nc6 9. c4 Nb4 10. Bb1 dxc4 11. Nxc4 Be7 12. Nce5 Be6 13. Re1 c6 14. a3 Nbd5 15.
Ng6 Re8 16. Nxe7+ Rxe7 17. Qd3 Qb6 18. b4 a5 19. bxa5 Qxa5 20. Bd2 Qb6 21. Bc2
Qc7 22. Ne5 Ree8 23. Qg3 Kf8 24. Bb4+ Kg8 25. Bd2 Kh8 26. Qh4 Ng8 27. Ng4 Qd8
28. Qg3 Bxg4 29. Qxg4 Rxe1+ 30. Bxe1 Ndf6 31. Qh4 Ne7 32. Bd2 Qd6 33. Bb4 Qd7
34. Bd2 Nf5 35. Qf4 Nxd4 36. Bd1 Ne6 37. Qe3 Nd5 38. Qg3 Qe7 39. Bg4 Nc5 40. Kh1
Ne4 41. Qd3 Nxf2+ 0-1

[Event "English Online Blitz Gp1"]
[Site "chess.com INT"]
[Date "2020.05.09"]
[Round "7"]
[White "Vleeshhouwer, Douglas"]
[Black "Sucikova, Svetlana"]
[Result "0-1"]
[BlackTitle "WFM"]
[WhiteElo "1960"]
[BlackElo "2171"]
[WhiteFideId "439061"]
[BlackFideId "14923653"]
[EventDate "2020.05.09"]
[EventType "blitz"]

1. b3 e5 2. Bb2 Nc6 3. e3 Nf6 4. Bb5 Bd6 5. Na3 a6 6. Bxc6 bxc6 7. c4 Qe7 8. Nc2
O-O 9. Ne2 e4 10. d4 exd3 11. Qxd3 Be5 12. Ncd4 c5 13. Nf5 Qe6 14. Bxe5 Qxe5 15.
O-O Bb7 16. Nfg3 d6 17. f3 Rfe8 18. e4 h5 19. Nf5 Bc8 20. Ne3 Qg5 21. Rf2 Bb7
22. Re1 Rad8 23. Nc3 c6 24. Rd1 Bc8 25. Rfd2 Nh7 26. Qe2 Qf6 27. Qf2 Qxc3 28.
Rxd6 Rxd6 29. Rxd6 Nf6 30. h3 Qa1+ 31. Kh2 Qe5+ 32. Qg3 Qxg3+ 33. Kxg3 Bb7 34.
Kf4 Kf8 35. e5 Ng8 36. g4 hxg4 37. fxg4 Ne7 38. g5 Ng6+ 39. Kg3 Rxe5 0-1

[Event "English Online Blitz Gp1"]
[Site "chess.com INT"]
[Date "2020.05.09"]
[Round "7"]
[White "Chaplin, Peter E"]
[Black "Bedi, Adam"]
[Result "1-0"]
[WhiteElo "2046"]
[BlackElo "1803"]
[WhiteFideId "406554"]
[BlackFideId "432997"]
[EventDate "2020.05.09"]
[EventType "blitz"]

1. b3 d5 2. Nf3 c5 3. e4 dxe4 4. Ne5 e6 5. Bb2 Nf6 6. Bb5+ Nbd7 7. Nc3 a6 8.
Bxd7+ Bxd7 9. Nxd7 Qxd7 10. Qe2 Be7 11. Nxe4 Nxe4 12. Qxe4 O-O 13. d3 b5 14. O-O
Rfd8 15. a4 Rac8 16. axb5 axb5 17. Rfe1 c4 18. bxc4 bxc4 19. dxc4 Qc6 20. Qg4
Bf8 21. Rad1 Qb6 22. Rxd8 Rxd8 23. Be5 Qb4 24. Rf1 Rc8 25. Bg3 Rxc4 26. Qe2 Qc3
27. h3 Qxc2 28. Qe5 Qe4 29. Qb5 Rb4 30. Qe8 Qb7 31. Bd6 1-0

[Event "English Online Blitz Gp1"]
[Site "chess.com INT"]
[Date "2020.05.09"]
[Round "7"]
[White "Rendle, Thomas E"]
[Black "Hunt, Adam C"]
[Result "1-0"]
[WhiteTitle "IM"]
[BlackTitle "IM"]
[WhiteElo "2365"]
[BlackElo "2398"]
[WhiteFideId "408760"]
[BlackFideId "403970"]
[EventDate "2020.05.09"]
[EventType "blitz"]

1. e4 c5 2. Nc3 a6 3. g3 b5 4. Bg2 Bb7 5. d3 e6 6. Nh3 Nf6 7. O-O Be7 8. f4 d5
9. e5 Nfd7 10. f5 Nxe5 11. fxe6 fxe6 12. Nf4 O-O 13. Nxe6 Rxf1+ 14. Qxf1 Qd6 15.
Nf4 Nbc6 16. Bxd5+ Kh8 17. Ne4 Qd7 18. Be6 Qd4+ 19. Qf2 Nb4 20. Qxd4 cxd4 21.
Bb3 Rc8 22. Bd2 Nxc2 23. Rf1 Ne3 24. Rf2 Nxd3 25. Nxd3 Bxe4 26. Rf7 Bf6 27. Nf4
Nc4 28. Bb4 d3 29. Rd7 Rd8 30. Rxd8+ Bxd8 31. Ne6 Bb6+ 32. Kf1 Nxb2 33. Bc3 Nc4
34. Nxg7 Kg8 35. Nh5 Bf3 36. Nf6+ Kf7 37. Nd7 Be3 38. Ne5+ Ke6 39. Nxf3 Kf5 40.
Bxc4 bxc4 41. Nd2 Kg4 42. Kg2 Kf5 43. Nxc4 Bc1 44. Kf3 1-0

[Event "English Online Blitz Gp1"]
[Site "chess.com INT"]
[Date "2020.05.09"]
[Round "7"]
[White "Sedykh, Mikhail"]
[Black "Reimanis, Ritvars"]
[Result "1/2-1/2"]
[BlackTitle "FM"]
[WhiteElo "2119"]
[BlackElo "2421"]
[WhiteFideId "447498"]
[BlackFideId "11602988"]
[EventDate "2020.05.09"]
[EventType "blitz"]

1. d4 Nf6 2. c4 e6 3. Nf3 d5 4. Nc3 Be7 5. cxd5 exd5 6. Bg5 c6 7. Qc2 Nbd7 8. e3
O-O 9. Bd3 Re8 10. O-O Nf8 11. h3 Ng6 12. Bxf6 Bxf6 13. b4 Be6 14. Rab1 Rc8 15.
a4 Qd7 16. Rfc1 b6 17. Qd2 Be7 18. a5 Bd6 19. Bxg6 hxg6 20. axb6 axb6 21. Ne2
Bxh3 22. gxh3 Qxh3 23. Ng3 Bxg3 24. fxg3 Qxg3+ 25. Qg2 Qxg2+ 26. Kxg2 Rxe3 27.
Ne5 c5 28. bxc5 bxc5 29. Rb5 c4 30. Rxd5 c3 31. Kf2 Rh3 32. Nf3 f6 33. Rc5 Re8
34. R1xc3 g5 35. Nxg5 Rxc3 36. Rxc3 fxg5 37. Rc5 g4 38. d5 Re4 39. d6 Rd4 40.
Kg3 Rxd6 41. Kxg4 Rd1 42. Rc6 Kh7 43. Kh4 Rd4+ 44. Kg5 Rd5+ 45. Kh4 g6 46. Kg4
Kh6 47. Kh4 Rd4+ 48. Kg3 Kh5 49. Rc3 g5 50. Kg2 Kg4 51. Rg3+ Kf5 52. Rf3+ Rf4
53. Rxf4+ Kxf4 54. Kf2 Kg4 55. Kg2 Kh4 56. Kh2 Kh5 57. Kh3 Kg6 58. Kg4 Kf6 59.
Kg3 Kf5 60. Kf3 g4+ 61. Kg3 Kg5 62. Kg2 Kf4 63. Kf2 g3+ 64. Kg2 Kg4 65. Kg1 Kf4
66. Kg2 Ke4 67. Kxg3 1/2-1/2